00650nam a2200205 a 45000010005000000030008000050050017000130080041000300200015000710350018000860400033001040410008001370820024001452450099001692600037002683000034003055040039003396500031003787000035004098204BD-RjUL20211208234537.0140118s1971 nyua b 001 0 eng d a0070711542 a(BD-RjUL)8249 aLCbengcLCdNNCU:AdBD-RjUL aeng04a519.6bOPT 197122310aOptimization methods for large-scale systems ... with applications /cDavid A. Wismer, editor. aNew York :bMcGraw-Hill,cc1971. axii, 335 p. :bill. ;c24 cm. aIncludes bibliographies and index. 0aMathematical optimization.1 aWismer, David A.,d1938-,eed.